Catálogo público

(Record no. 182924)

MARC details
000 -CABECERA
campo de control de longitud fija 02009nam a2200289Ia 4500
001 - NÚMERO DE CONTROL
campo de control IA_parameters were the kernel components required by the industry of nixtamalization, in addition to determination of lysine and tryptophan analyses in the endosperm. The effect of the growing season was the main source of variation in lysine, quality index, protein, and floating index. The effect of location was the main source of variation for the rest of parameters. The genotype effect influenced mainly weight of 100 kernels, tryptophan and pericarp. Interactions among other factors exhibited a significant statistical difference (?=0.01) in hectoliter weight, weight of 100 kernels, floating index, pericarp, protein, lysine, tryptophan and quality index; the interaction locality * genotype showed a significant statistical difference (?=0.01) in kernel color and pedicel and at ?=0.05 in white and hard endosperm. Genotypes evaluated showed percentage of pedicel, white and hard endosperm, similar to common maize genotypes, furthermore, they contained 40 % more lysine and 90 % more tryptophan.
008 - DATOS DE LONGITUD FIJA--INFORMACIÓN GENERAL
campo de control de longitud fija 220117s xx 000 0 und d
010 ## - NÚMERO DE CONTROL DE LA BIBLIOTECA DEL CONGRESO
Número de control de LC 182924
530 ## - NOTA DE FORMATO FÍSICO ADICIONAL DISPONIBLE
Nota de formato físico adicional disponible Disponible en PDF
583 ## - NOTA DE ACCIÓN
Acción 2 ej. imp.
650 ## - PUNTO DE ACCESO ADICIONAL DE MATERIA--TÉRMINO DE MATERIA
Término de materia o nombre geográfico como elemento de entrada Nutritive value
9 (RLIN) 147443
650 ## - PUNTO DE ACCESO ADICIONAL DE MATERIA--TÉRMINO DE MATERIA
Término de materia o nombre geográfico como elemento de entrada Valor nutritivo
9 (RLIN) 137923
650 ## - PUNTO DE ACCESO ADICIONAL DE MATERIA--TÉRMINO DE MATERIA
Término de materia o nombre geográfico como elemento de entrada Zea mays
Subdivisión general Lisina
9 (RLIN) 155051
650 ## - PUNTO DE ACCESO ADICIONAL DE MATERIA--TÉRMINO DE MATERIA
Término de materia o nombre geográfico como elemento de entrada Zea mays
Subdivisión general Lysine
9 (RLIN) 155052
650 ## - PUNTO DE ACCESO ADICIONAL DE MATERIA--TÉRMINO DE MATERIA
Término de materia o nombre geográfico como elemento de entrada Zea mays
Subdivisión general Physical properties
9 (RLIN) 155053
650 ## - PUNTO DE ACCESO ADICIONAL DE MATERIA--TÉRMINO DE MATERIA
Término de materia o nombre geográfico como elemento de entrada Zea mays
Subdivisión general Propiedades físicas
9 (RLIN) 155054
650 ## - PUNTO DE ACCESO ADICIONAL DE MATERIA--TÉRMINO DE MATERIA
Término de materia o nombre geográfico como elemento de entrada Zea mays
Subdivisión general Triptófano sintasa
9 (RLIN) 155055
650 ## - PUNTO DE ACCESO ADICIONAL DE MATERIA--TÉRMINO DE MATERIA
Término de materia o nombre geográfico como elemento de entrada Zea mays
Subdivisión general Triptófano sintasa
9 (RLIN) 155055
650 ## - PUNTO DE ACCESO ADICIONAL DE MATERIA--TÉRMINO DE MATERIA
Término de materia o nombre geográfico como elemento de entrada Zea mays
Subdivisión general Variedades
9 (RLIN) 155056
650 ## - PUNTO DE ACCESO ADICIONAL DE MATERIA--TÉRMINO DE MATERIA
Término de materia o nombre geográfico como elemento de entrada Zea mays
Subdivisión general Varieties
9 (RLIN) 155057
700 ## - PUNTO DE ACCESO ADICIONAL--NOMBRE DE PERSONA
Nombre de persona Castillo Merino, Jorge, asesor
9 (RLIN) 163671
700 ## - PUNTO DE ACCESO ADICIONAL--NOMBRE DE PERSONA
Nombre de persona Salinas Moreno, Yolanda, asesor
9 (RLIN) 163672
700 ## - PUNTO DE ACCESO ADICIONAL--NOMBRE DE PERSONA
Nombre de persona Vázquez Carrillo, Ma. Gricelda, dir.
9 (RLIN) 147916
942 ## - ELEMENTOS DE PUNTO DE ACCESO ADICIONAL (KOHA)
Tipo de ítem Koha

No items available.